| 000 | 00387 a2200169 4500 | ||
|---|---|---|---|
| 001 | 71152 | ||
| 020 | _a8506034701 | ||
| 040 | _cAnchieta - Colégio São Paulo | ||
| 100 | _aRodrigues Filho, Edison | ||
| 240 | 1 | 0 |
_aO segredo da chave _lpor |
| 245 | 1 | 0 | _aO segredo da chave |
| 300 | _a144 | ||
| 362 | 0 | _a2002 | |
| 440 | 1 | _aMelhoramentos | |
| 650 | 4 | _aLiteratura juvenil | |
| 942 | _cBK | ||
| 999 |
_c71152 _d71152 |
||